|
|
|
|
| LEADER |
01085nam a2200253 a 4500 |
| 001 |
11813112 |
| 008 |
110302r20102000enka b 001 0 eng d |
| 010 |
|
|
|a 99054716
|
| 020 |
|
|
|a 9780521780193
|
| 020 |
|
|
|a 0521780195 (hb)
|
| 040 |
|
|
|a DLC
|c DLC
|d DLC
|d BD-DhAAL
|
| 082 |
0 |
0 |
|a 006.3/1
|2 21
|
| 100 |
1 |
|
|a Cristianini, Nello.
|
| 245 |
1 |
3 |
|a An introduction to support vector machines :
|b and other kernel-based learning methods /
|c Nello Cristianini and John Shawe-Taylor.
|
| 260 |
|
|
|a Cambridge ;
|a New York :
|b Cambridge University Press,
|c 2000.[Reprinted 2010]
|
| 300 |
|
|
|a xiii, 189 p. :
|b ill. (some col.) ;
|c 26 cm.
|
| 504 |
|
|
|a Includes bibliographical references (p. 173-186) and index.
|
| 541 |
1 |
|
|e 00021993
|
| 650 |
|
0 |
|a Support vector machines.
|
| 650 |
|
0 |
|a Kernel functions.
|
| 700 |
2 |
|
|a Shawe-Taylor, John.
|
| 852 |
4 |
|
|a Ayesha Abed Library
|j General shelf
|
| 999 |
|
|
|c 10499
|d 10499
|
| 952 |
|
|
|0 0
|1 0
|2 ddc
|4 0
|6 006_310000000000000_CRI
|7 0
|9 14521
|a BRACUL
|b BRACUL
|c GEN
|d 2011-03-02
|e Karim International
|g 4400.00
|l 4
|m 14
|o 006.31 CRI
|p 3010021993
|r 2023-01-22
|s 2023-01-15
|t 1
|w 2011-03-02
|y BK
|